Protocolo de unidad de acción minero ambiental de Antioquia (Registro nro. 20449)
[ vista simple ]
| 000 -CABECERA | |
|---|---|
| Campo de control | 00917nam a22002537a 4500 |
| 005 - FECHA Y HORA DE LA ULTIMA TRANSACCION | |
| Campo de control | 20190725093902.0 |
| 008 - ELEMENTOS DE LONGITUD FIJA—INFORMACION GENERAL | |
| Campo de control | 190311b xxu||||| |||| 00| 0 spa d |
| 040 ## - FUENTE DE CATALOGACIÓN | |
| Agencia catalogadora original | CO-BoIAVH |
| Agencia transcriptora | CO-BoIAVH |
| 041 ## - IDIOMA | |
| Código de idioma para texto/pista de sonido o título separado | Español |
| 044 ## - PAÍS DE PUBLICACIÓN | |
| País de publicación | Colombia |
| 090 ## - CLASIFICACIÓN LOCAL | |
| Colección | FG |
| Consecutivo | 0345 |
| 110 ## - ASIENTO PRINCIPAL--NOMBRE CORPORATIVO | |
| Nombre corporativo o de jurisdicción como elemento de entrada | Gobernación de Antioquia |
| 9 (RLIN) | 15196 |
| 245 10 - MENCION DE TITULO | |
| Título | Protocolo de unidad de acción minero ambiental de Antioquia |
| 260 ## - PUBLICACION, DISTRIBUCION, ETC. (PIE DE IMPRENTA) | |
| Lugar de publicación, distribución, etc. | Colombia: |
| Nombre del editor, distribuidor, etc. | Gobernación de Antioquia, |
| Fecha de publicación, distribución, etc. | 2012. |
| 300 ## - DESCRIPCION FISICA | |
| Extensión | 10 páginas |
| Dimensiones | 22x24cm |
| 650 #0 - ASIENTO SECUNDARIO DE MATERIA - TERMINO TEMATICO | |
| 9 (RLIN) | 65407 |
| Término temático o nombre geográfico como elemento de entrada | Ley de Mineria |
| 650 #0 - ASIENTO SECUNDARIO DE MATERIA - TERMINO TEMATICO | |
| 9 (RLIN) | 85903 |
| Término temático o nombre geográfico como elemento de entrada | Impacto ambiental de la minería |
| Subdivisión geográfica | Colombia |
| 710 ## - ASIENTO SECUNDARIO - NOMBRE CORPORATIVO | |
| Nombre corporativo o de jurisdicción como elemento de entrada | Corporación Autónoma Regional de Antioquia |
| 9 (RLIN) | 46398 |
| 710 ## - ASIENTO SECUNDARIO - NOMBRE CORPORATIVO | |
| Nombre corporativo o de jurisdicción como elemento de entrada | Secretaría del Medio Ambiente de Medellín. |
| 9 (RLIN) | 810 |
| 710 ## - ASIENTO SECUNDARIO - NOMBRE CORPORATIVO | |
| Nombre corporativo o de jurisdicción como elemento de entrada | Corporación Autónoma Regional Rionegro-Nare. CORNARE |
| 9 (RLIN) | 47289 |
| 710 ## - ASIENTO SECUNDARIO - NOMBRE CORPORATIVO | |
| Nombre corporativo o de jurisdicción como elemento de entrada | Corpourabá |
| 9 (RLIN) | 15199 |
| 710 ## - ASIENTO SECUNDARIO - NOMBRE CORPORATIVO | |
| Nombre corporativo o de jurisdicción como elemento de entrada | Área Metropolitana del Valle de Aburrá : |
| 9 (RLIN) | 803 |
| Lugar de la reunión | Medellín |
| 942 ## - ELEMENTOS ADICIONALES (KOHA) | |
| Sistema de clasificación | Local |
| Tipo de ítem | Folleto |
| Withdrawn status | Lost status | Sistema de Clasificación | Damaged status | No para préstamo | Colección | Ubicación Permanente | Ubicación actual | Fecha de adquisición | Total Checkouts | Número topográfico | Inventario / Código de Barras | Date last seen | Ejemplar | Price effective from | Forma de adquisición | Tipo de material |
|---|---|---|---|---|---|---|---|---|---|---|---|---|---|---|---|---|
| Local | Hemeroteca | Bogotá | Bogotá | 11/03/2019 | FG-0345 | 034452 | 11/03/2019 | Ej. 1 | 11/03/2019 | Donación | Folleto |